00656nam a2200229 a 4500001001300000003000900013005001700022008004100039020001000080082001500090100001500105245002700120260005500147300000900202500003500211505001300246650002200259902000800281942000700289952011500296999001500411nice12345678IN_TiNIC20260116011847.0050524s1973 bana grp 000 0 eng  ac10000a269.2bLEG aLegrand, L aGood News and Witness. aBangalorebTheological Publications in Indiac1973 a179p aincludes index and biblioraphy2 aAppendix aEvangelistic Work bSRS cBK 001040708StackRoom-aHMIbHMId2007-07-13g100.00l0o269.2 LEGp07693r2007-07-13v100.00w2005-05-24yBK c4519d4519